Tactics for listening - developing

Đã lưu trong:
Sonraí Bibleagrafaíochta
Príomhúdar: Richards, Jack C
Formáid: Leabhar
Teanga:Undetermined
Foilsithe: Oxford Oxford University Press 2003
Ábhair:
Clibeanna: Cuir Clib Leis
Gan Chlibeanna, Bí ar an gcéad duine leis an taifead seo a chlibeáil!
Thư viện lưu trữ: Trung tâm Học liệu Trường Đại học Cần Thơ
LEADER 00566nam a2200205Ia 4500
001 CTU_65429
008 210402s9999 xx 000 0 und d
020 |b 82000 
082 |a 428.34 
082 |b R516 
100 |a Richards, Jack C 
245 0 |a Tactics for listening - developing 
245 0 |c Jack C Richards 
260 |a Oxford 
260 |b Oxford University Press 
260 |c 2003 
650 |a English language,Listening 
650 |x Textbooks for foreign speakers 
904 |i TUYẾN 
980 |a Trung tâm Học liệu Trường Đại học Cần Thơ